All Tom Clancy's Rainbow Six Siege Maps (With Pictures) - Statistics

General Stats
  • This quiz has been taken 3,692 times
  • The average score is 18 of 25
Answer Stats
Picture Hint Answer % Correct
Los Angeles, California Bank
84%
London, United Kingdom Presidential Plane
83%
Hanover, Germany Clubhouse
81%
Los Angeles, California House
81%
Redmond, Oregon Oregon
81%
Ibiza, Spain Coastline
80%
Moscow, Russia Kafe Dostoyevsky
79%
Hong Kong Theme Park
79%
Middle East Border
78%
Australia Outback
78%
Nagoya, Japan Skyscraper
77%
Tuscany, Italy Villa
77%
France Chalet
76%
Hamburg, Germany Kanal
75%
Abidjan, Ivory Coast Consulate
73%
Offshore Nighthaven Labs
73%
Baffin Bay Yacht
73%
Seoul, South Korea Tower
71%
Northern Ireland Emerald Plains
67%
Brazil Favela
66%
Greece Stadium
62%
Morocco Fortress
56%
United Kingdom Hereford Base
51%
Cambridge, Massachusetts Bartlett University
30%
Greece Close Quarter
23%
No matching quizzes found
Score Distribution
Percent of People with Each Score
Percentile by Number Answered
Your Score History
You have not taken this quiz